<?xml version="1.0" encoding="UTF-8"?>
<record
    xmlns:xsi="http://www.w3.org/2001/XMLSchema-instance"
    xsi:schemaLocation="http://www.loc.gov/MARC21/slim http://www.loc.gov/standards/marcxml/schema/MARC21slim.xsd"
    xmlns="http://www.loc.gov/MARC21/slim">

  <leader>01624nam a22001577a 4500</leader>
  <controlfield tag="005">20230803141148.0</controlfield>
  <controlfield tag="008">230802b           ||||| |||| 00| 0 eng d</controlfield>
  <datafield tag="020" ind1=" " ind2=" ">
    <subfield code="a">0406176051</subfield>
  </datafield>
  <datafield tag="050" ind1=" " ind2=" ">
    <subfield code="a">KD640.A75 D46</subfield>
  </datafield>
  <datafield tag="245" ind1=" " ind2=" ">
    <subfield code="a">The discipline of law /</subfield>
    <subfield code="c">Lord Denning.</subfield>
  </datafield>
  <datafield tag="260" ind1=" " ind2=" ">
    <subfield code="a">London :</subfield>
    <subfield code="b">Butterworth,</subfield>
    <subfield code="c">1979.</subfield>
  </datafield>
  <datafield tag="300" ind1=" " ind2=" ">
    <subfield code="a">xxii, 331 p. :</subfield>
    <subfield code="c">22 cm.</subfield>
  </datafield>
  <datafield tag="500" ind1=" " ind2=" ">
    <subfield code="a">Includes index.</subfield>
  </datafield>
  <datafield tag="505" ind1=" " ind2=" ">
    <subfield code="a">Contents: Part One: The construction of documents: Introduction: Command of language -- The interpretation of statutes -- The interpretation of wills and other unilateral documents -- The construction of contracts -- Looking for help -- Part Two: Misuse of ministerial powers: Instruction: Deciding wrongly -- Clauses ousting the courts -- Declarations -- Other points on tribunals -- Administrative decisions -- Clauses giving unfettered discretion -- Prerogative power -- The ultra vires clause -- Part Three: Introduction: Modern extensions -- The Blackburn cases -- Declaration and injunction -- The remedy of judicial review -- Private rights -- The Gouriet case -- Conclusion -- Part Four: Abuse of 'group' powers: Introduction: Power against own members -- Power against other persons -- Conclusion -- Part Five: High tree: Introduction: High Tree case: Conclusion -- Part Six: Negligence: Introduction: Leading up to Candler v Crane, Christmas -- Doctors at law -- The impact of Hedley Byrne -- Houses falling down -- Innocent representation made actionable -- Surprising consequences -- Conclusion -- Part Seven: The doctrine of precedent: Introduction: The doctrine of precedent -- Conclusion -- Epilogue.   </subfield>
  </datafield>
  <datafield tag="942" ind1=" " ind2=" ">
    <subfield code="2">lcc</subfield>
    <subfield code="c">BK</subfield>
  </datafield>
  <datafield tag="999" ind1=" " ind2=" ">
    <subfield code="c">9972</subfield>
    <subfield code="d">17472</subfield>
  </datafield>
  <datafield tag="952" ind1=" " ind2=" ">
    <subfield code="0">0</subfield>
    <subfield code="1">0</subfield>
    <subfield code="2">lcc</subfield>
    <subfield code="4">0</subfield>
    <subfield code="7">0</subfield>
    <subfield code="a">WIUC-1</subfield>
    <subfield code="b">WIUC-1</subfield>
    <subfield code="c">LL</subfield>
    <subfield code="d">2023-08-02</subfield>
    <subfield code="l">0</subfield>
    <subfield code="o">KD640.A75 D46</subfield>
    <subfield code="p">3160/320/23</subfield>
    <subfield code="r">2023-08-02 00:00:00</subfield>
    <subfield code="t">1</subfield>
    <subfield code="w">2023-08-02</subfield>
    <subfield code="y">BK</subfield>
  </datafield>
</record>
